[Event "Sachsen-Anhalt Verbandsliga 1920"]
[Site "Sachsen Anhalt"]
[Date "2020.10.17"]
[Round "8.7"]
[White "Hanisch, Klaus"]
[Black "Seidel, Arne Christian"]
[Result "1/2-1/2"]
[WhiteElo "1935"]
[BlackElo "1818"]
[PlyCount "89"]
[EventDate "2019.09.29"]
[EventType "team-tourn"]
[EventRounds "9"]
[EventCountry "GER"]
[SourceTitle "EXT 2023"]
[Source "ChessBase"]
[SourceDate "2022.10.05"]
[SourceVersion "1"]
[SourceVersionDate "2022.10.05"]
[SourceQuality "1"]
[WhiteTeam "Magdeburg USC"]
[BlackTeam "Reideburg 90 Halle"]
[WhiteTeamCountry "GER"]
[BlackTeamCountry "GER"]

1. c4 b6 2. Nc3 Bb7 3. e4 e6 4. Nge2 Ne7 5. d4 f5 6. Ng3 fxe4 7. Bg5 d5 8. f3 h6 9. Bxe7 Bxe7 10. fxe4 0-0 11. Qg4 dxe4 12. 0-0-0 Qd6 13. Nb5 Qc6 14. Kb1 Na6 15. d5 exd5 16. cxd5 Qf6 17. Qxe4 Rad8 18. Bd3 g6 19. Rhf1 Qg7 20. Qe6+ Kh8 21. Rxf8+ Bxf8 22. Bc2 Nc5 23. Qxg6 Qxg6 24. Bxg6 Bxd5 25. Nc3 c6 26. Bf7 Be4+ 27. Ngxe4 Rxd1+ 28. Nxd1 Nxe4 29. Kc2 Kg7 30. Be8 c5 31. Kd3 Nd6 32. Bd7 Kf6 33. Ne3 Ke5 34. g3 Bg7 35. b3 Kf6 36. Ng4+ Ke7 37. Bc6 Ke6 38. Bf3 Kf5 39. Ne3+ Ke5 40. Bg4 Bf8 41. Bf3 Bg7 42. Ng4+ Kf5 43. h3 Ke6 44. Ne3 Ke5 45. Nc4+ 1/2-1/2

[Event "GER-chT U14"]
[Site "Duesseldorf"]
[Date "2016.12.29"]
[Round "5.4"]
[White "Seref, Erdogan"]
[Black "Seidel, Arne Christian"]
[Result "1-0"]
[WhiteElo "1738"]
[BlackElo "1487"]
[PlyCount "37"]
[EventDate "2016.12.27"]
[EventType "team-swiss"]
[EventRounds "7"]
[EventCountry "GER"]
[SourceTitle "EXT 2018"]
[Source "ChessBase"]
[SourceDate "2017.10.13"]
[SourceVersion "1"]
[SourceVersionDate "2017.10.13"]
[SourceQuality "1"]
[WhiteTeam "Brackel U14"]
[BlackTeam "Halle Reideburger U14"]
[WhiteTeamCountry "GER"]
[BlackTeamCountry "GER"]

1. e4 c5 2. Nf3 d6 3. c3 Nf6 4. Be2 Nc6 5. d4 cxd4 6. cxd4 Nxe4 7. d5 Qa5+ 8. Nc3 Nxc3 9. bxc3 Nb8 10. 0-0 e5 11. dxe6 Bxe6 12. Rb1 Qc7 13. Nd4 Bd7 14. Bf3 Nc6 15. Re1+ Be6 16. Rxb7 Qxb7 17. Bxc6+ Qd7 18. Bxd7+ Kxd7 19. Qa4+ 1-0

[Event "GER-chT U12"]
[Site "Magdeburg"]
[Date "2015.12.30"]
[Round "7.4"]
[White "Guendel, Marius"]
[Black "Seidel, Arne Christian"]
[Result "0-1"]
[WhiteElo "1146"]
[BlackElo "1488"]
[PlyCount "114"]
[EventDate "2015.12.27"]
[EventType "team-swiss"]
[EventRounds "7"]
[EventCountry "GER"]
[SourceTitle "EXT 2017"]
[Source "ChessBase"]
[SourceDate "2016.10.25"]
[SourceVersion "1"]
[SourceVersionDate "2016.10.25"]
[SourceQuality "1"]
[WhiteTeam "Mannheim Lindenhof"]
[BlackTeam "Halle Reideburger"]
[WhiteTeamCountry "GER"]
[BlackTeamCountry "GER"]

1. c4 e5 2. Nc3 Nf6 3. g3 d5 4. cxd5 Nxd5 5. Bg2 Be6 6. Nf3 f6 7. 0-0 Bc5 8. d4 Nxc3 9. bxc3 exd4 10. cxd4 Bb6 11. Ba3 Nc6 12. e3 Ne7 13. Qe2 0-0 14. Rfd1 Re8 15. e4 Nc6 16. d5 Bxd5 17. Rxd5 Qxd5 18. exd5 Rxe2 19. dxc6 Rxf2 20. Kh1 bxc6 21. Bb4 Re8 22. Ng1 a5 23. Bc3 Rc2 24. Be1 Rb8 25. Rb1 Rxa2 26. Bxc6 Rxh2+ 27. Kxh2 Bxg1+ 28. Kxg1 Rxb1 29. Kf2 Rb6 30. Ba4 Ra6 31. Bb5 Ra7 32. Ba4 Kf7 33. Kf3 Ke6 34. Ke4 c6 35. Bxc6 Kd6 36. Ba4 Re7+ 37. Kf3 Rxe1 38. Kf2 Ra1 39. Bb3 a4 40. Bg8 h6 41. Ke3 Ke5 42. g4 a3 43. g5 a2 44. Bxa2 Rxa2 45. gxh6 gxh6 46. Kd3 h5 47. Kc3 h4 48. Kb3 Rd2 49. Kc3 Rd8 50. Kc4 h3 51. Kc5 Rc8+ 52. Kb6 h2 53. Kb5 h1Q 54. Kb6 Qc6+ 55. Ka5 Rc7 56. Kb4 Rb7+ 57. Ka3 Qa6# 0-1